01001nam a22001817a 45000010005000000030006000050050017000110080041000280200018000690400029000870820008001161000016001242450094001402500037002342600046002713000046003175200456003638847FISKH20251023101545.0251023b cb ||||| |||| 00| 0 eng d a9780195887228 aFISKHbengcFISKHdFISKH a813 aTeo, Joyce  aKinder thinkers K1 Enlgish : bABC term 3 /cAuthor : Joyce Teo ; Consultant : Linda Gan  aThis edition published in 2008.  aSingapore : bMarshall Cavendish, c2000  a53 pages : bcolor illustrations ;c30 cm aKinder Thinkers K1 English is a preschool English learning series designed to help children aged 4 to 5 develop foundational language and literacy skills through fun, structured, and thematic lessons. The course introduces young learners to basic vocabulary, sentence building, phonics, listening and speaking skills, and simple reading comprehension. Lessons are taught through colorful illustrations, songs, rhymes, stories, and hands-on activities.